Catálogo
 En Linea

Albúm del servidor público : (Registro nro. 40005)

Detalles MARC
000 -CABECERA
campo de control de longitud fija 00805nam a2200205 a 4500
001 - NÚMERO DE CONTROL
campo de control 000040515
005 - FECHA Y HORA DE LA ÚLTIMA TRANSACCIÓN
campo de control 20250925135321.0
008 - DATOS DE LONGITUD FIJA--INFORMACIÓN GENERAL
campo de control de longitud fija 100226s1982 dr ac 000 0 spa d
040 ## - FUENTE DE LA CATALOGACIÓN
Centro catalogador/agencia de origen DO-SdBNP
Lengua de catalogación spa
Centro/agencia transcriptor BNPHU
082 ## - NÚMERO DE LA CLASIFICACIÓN DECIMAL DEWEY
Número de clasificación xxxx
Número de documento/Ítem A345
245 00 - MENCIÓN DE TÍTULO
Título Albúm del servidor público :
Resto del título acto de, reconocimiento al médico y a servidores públicos con resultados exelentes en la evaluación del desempeño /
Mención de responsabilidad, etc. prólogo Raymundo Amaro Guzmán.
260 ## - PUBLICACIÓN, DISTRIBUCIÓN, ETC.
Lugar de publicación, distribución, etc. Santo Domingo :
Nombre del editor, distribuidor, etc. Publicaciones ONAP,
Fecha de publicación, distribución, etc. 1982.
300 ## - DESCRIPCIÓN FÍSICA
Extensión 215 p. :
Otras características físicas il. retr. ;
Dimensiones 22 cm.
490 1# - MENCIÓN DE SERIE
Mención de serie Folletos y boletines
Designación de volumen o secuencia 1
490 1# - MENCIÓN DE SERIE
Mención de serie ONAP
700 1# - PUNTO DE ACCESO ADICIONAL--NOMBRE DE PERSONA
Nombre de persona Camejo Ramón Ventura
Término indicativo de función/relación pres.
9 (RLIN) 66818
710 1# - PUNTO DE ACCESO ADICIONAL--NOMBRE DE ENTIDAD CORPORATIVA
Nombre de entidad corporativa o nombre de jurisdicción como elemento de entrada República Dominicana
Unidad subordinada Ministerio de Administración Pública
9 (RLIN) 65952
830 #0 - PUNTO DE ACCESO ADICIONAL DE SERIE-TÍTULO UNIFORME
Título uniforme Folletos y boletines
Designación de volumen o secuencia 1
9 (RLIN) 36132
830 ## - PUNTO DE ACCESO ADICIONAL DE SERIE-TÍTULO UNIFORME
Título uniforme ONAP
9 (RLIN) 10860
Existencias
Estado de retiro Estado de pérdida No para préstamo Código de colección Localización permanente Ubicación/localización actual Ubicación en estantería Fecha de adquisición Número de inventario Total de préstamos Signatura topográfica completa Código de barras Fecha visto por última vez Precio válido a partir de Tipo de ítem Koha
    Excluido de préstamo Patrimonio Dominicano Patrimonio Dominicano Patrimonio Dominicano En catalogación 29.08.2013 LF1   xxxx A345 40515-10 25.06.2020 25.06.2020 Libro y Folleto Colección Patrimonio Dominicano

Con tecnología Koha